000
00288nam a2200121Ia 4500
008
240624s9999 xx 000 0 und d
041
_a
eng
082
_a
413 OXF
100
_a
OXFORD
245
_a
OXFORD LEARNER S DICTIONARY OF ACADEMIC
260
_c
2014
_a
Oxford
_b
Oxford
365
_c
RS
999
_c
31390
_d
31390